Statistics for Countries with Most Syrian Refugees

Click here to take the quiz!

General Stats

  • This quiz has been taken 1,346 times
    (964 since last reset)
  • The average score is 10 of 15

Answer Stats

#Country% Correct
2,725,000Turkey
95%
600,000Germany
90%
249,000Iraq
87%
1,048,000Lebanon
86%
54,000Greece
85%
657,000Jordan
84%
420,000Saudi Arabia
81%
117,000Egypt
78%
242,000United Arab Emirates
63%
110,000Sweden
63%
155,000Kuwait
56%
39,000Austria
50%
38,000Canada
50%
72,000Hungary
44%
313,000Serbia
32%

Score Distribution

Percentile by Number Answered

Percent of People with Each Score

Your Score History

You have not taken this quiz since the last reset